The Science and Design of Engineering Materials 2nd (Record no. 564741)

000 -LEADER
fixed length control field 00382nam a2200133Ia 4500
008 - FIXED-LENGTH DATA ELEMENTS--GENERAL INFORMATION
fixed length control field 210430s9999 xx 000 0 und d
020 ## - INTERNATIONAL STANDARD BOOK NUMBER
International Standard Book Number 0-256-24766-8
082 ## - DEWEY DECIMAL CLASSIFICATION NUMBER
Classification number 620.11 S4161 S
100 ## - MAIN ENTRY--PERSONAL NAME
Personal name James P.Schaffer
9 (RLIN) 54253
245 #4 - TITLE STATEMENT
Title The Science and Design of Engineering Materials 2nd
Statement of responsibility, etc. James P.Schaffer
260 ## - PUBLICATION, DISTRIBUTION, ETC.
Place of publication, distribution, etc. Bostan
Name of publisher, distributor, etc. Graw Hill
Date of publication, distribution, etc. 1999
300 ## - PHYSICAL DESCRIPTION
Extent 826p
942 ## - ADDED ENTRY ELEMENTS (KOHA)
Koha item type Book
Source of classification or shelving scheme
Holdings
Withdrawn status Lost status Damaged status Not for loan Collection code Permanent Location Current Location Shelving location Date acquired Total Checkouts Full call number Barcode Date last seen Price effective from Koha item type
          School of Chemical & Materials Engineering (SCME) School of Chemical & Materials Engineering (SCME) General Stacks     620.11 S4161 S SCME-3962 04/30/2021 04/30/2021 Book
© 2023 Central Library, National University of Sciences and Technology. All Rights Reserved.